|
|
|
|
| LEADER |
00661nam a22001811a 4500 |
| 020 |
|
|
|a 9788178241562
|c 0.00
|
| 040 |
|
|
|a SSUS - Library - Kalady
|
| 082 |
|
|
|a 305.568 8
|b CHR/D
|
| 100 |
|
|
|a Christophe Jaffrelot
|
| 245 |
|
|
|a Dr. Ambedkar and untouchability : analysing and fighting caste
|h [Text]
|
| 260 |
|
|
|a Delhi
|b Permanent Black
|c 2005
|
| 300 |
|
|
|a 205p.
|
| 600 |
|
|
|a Ambedkar Study
|
| 600 |
|
|
|a Untouchables India
|
| 852 |
|
|
|h 305.568 8
|i CHR/D
|p 054818
|9 250.00
|t 0
|
| 942 |
|
|
|c BK
|
| 999 |
|
|
|c 11279
|d 11279
|
| 952 |
|
|
|0 0
|1 0
|4 0
|6 305_568000000000000_8_CHR_D
|7 0
|9 16418
|a SSUS
|b SSUS
|d 2015-01-08
|g 250.00
|l 1
|o 305.568 8 CHR/D
|p 054818
|r 2019-12-02
|s 2019-11-28
|v 0.00
|w 2015-01-08
|y BK
|